000
00287nam a22001217a 4500
008
170425b xxu||||| |||| 00| 0 eng d
041
_a
eng
080
_2
2ND
_a
546
100
_a
12
101
_a
SHM
245
_a
HANDBOOK OF PREPARATIVE INORGANIC CHEMISTRY
_c
BRAUER, G
942
_2
udc
_c
BK
999
_c
11903
_d
11903